Statistics for Most Popular Girls Names in Michigan

Click here to take the quiz!

General Stats

  • This quiz has been taken 135 times
  • The average score is 9 of 19

Answer Stats

HintAnswer% Correct
1992-06Emily
73%
1980-87Jennifer
72%
2002-12Emma
70%
1980-1996Jessica
68%
1980-84, 1986-89, 1992-94, 1996-97Sarah
65%
2000-12Olivia
56%
1980-1991Amanda
53%
1984-96Ashley
51%
2007, 2009-12Isabella
50%
2008, 2010-12Sophia
49%
2005-12Ava
48%
1999-09Madison
44%
1980-81Melissa
44%
1997-04Hannah
42%
1990-99Samantha
41%
1989-91Brittany
35%
1982-83, 1985, 1988Nicole
33%
1995, 1997-98Taylor
28%
1998-01Alexis
27%

Score Distribution

Percentile by Number Answered

Percent of People with Each Score

Your Score History

You have not taken this quiz